| 000 | 00512nam a2200229Ia 4500 | ||
|---|---|---|---|
| 008 | 210210b1888 xxu||||| |||| 00| 0 eng d | ||
| 041 | _aeng | ||
| 082 | _a540 FISC | ||
| 100 | _aFISHER (W W) | ||
| 245 | _aClassbook of elementary chemistry Ed 2 | ||
| 250 | _a | ||
| 260 |
_aOxford _bAt the Clarendon Press _c1888 |
||
| 300 | _a272 | ||
| 650 | _aof | ||
| 650 | _aelementary | ||
| 650 | _aEd | ||
| 650 | _aClassbook | ||
| 650 | _achemistry | ||
| 650 | _a2 | ||
| 690 | _aChemistry | ||
| 906 | _a009471 | ||
| 999 |
_c140508 _d140508 |
||